Movies by Death Scene III Quiz Stats

 Plays Quiz Updated Aug 25, 2014

Support Sporcle.
Go Orange.
Score 0/20 Timer 06:00
0 Plays Today
% Correct
Bambi
98.9%
Return of the Jedi
74.4%
Lord of the Rings: The Return of the King
73.6%
Goldfinger
68.2%
Gladiator
65.6%
Romeo + Juliet
62.5%
Saving Private Ryan
61%
Monty Python and the Holy Grail
57.8%
The Shawshank Redemption
56.4%
The Departed
49.6%
% Correct
Les Misérables
40.5%
The Matrix Revolutions
39.9%
The Wicker Man
39.8%
Blade Runner
35.2%
Old Yeller
30.7%
Burn After Reading
28.7%
Moulin Rouge
21.8%
X-Men: First Class
21.5%
The Other Guys
19.9%
Star Trek: Generations
19.7%

You're not logged in!

Compare scores with friends on all Sporcle quizzes.
OR
Log In

From the Vault

No Hint Sorting Gallery: Science

by armadilloking

You may want to take some time to read through all the buttons before you feel brave enough to click anything.
Remove Ads.
Support Sporcle.
Get the best of Sporcle when you Go Orange. This ad-free experience offers more features, more stats, and more fun while also helping to support Sporcle. Thank you for becoming a member.

Show Comments

Extras

Top Quizzes Today


Score Distribution

Your Account Isn't Verified!

In order to create a playlist on Sporcle, you need to verify the email address you used during registration. Go to your Sporcle Settings to finish the process.

Report this User

Report this user for behavior that violates our Community Guidelines.

Details: